000 00301 a2200121 4500
999 _c327560
_d327560
001 92487
003 NUST
005 20180120145456.0
008 180120b xxu||||| |||| 00| 0 eng d
082 _a297.644 TAB
100 _aTabbasssam, Dr. Muhammad Azam Raza
_99253
245 _aHazrat Fatima Ki Baatein
260 _aLahore
_bRumail House
_c2014
300 _a80p.
942 _aCAE NUST
_cBK
_k297.644 TAB
_2ddc